|
|
|
|
| LEADER |
00589cam a2200169 7i4500 |
| 001 |
0000023241 |
| 005 |
20110202090000.0 |
| 090 |
0 |
0 |
|a MAT 646.72
|b MAL
|
| 110 |
2 |
0 |
|a Malaysia External Trade Development Corporation (MATRADE)
|
| 245 |
2 |
0 |
|a Natural cosmetic :
|b Singapore.
|
| 260 |
0 |
0 |
|a Singapore:
|b MATRADE Singapore,
|c 2008.
|
| 300 |
# |
# |
|a 15 p.
|
| 440 |
0 |
0 |
|a Product market study : 2008
|
| 650 |
0 |
0 |
|a Cosmetics --
|x Markets --
|z Singapore
|
| 650 |
0 |
0 |
|a Natural ingredients --
|x Cosmetics --
|x Markets --
|z Singapore
|
| 651 |
0 |
0 |
|a Singapore
|
| 999 |
|
|
|a 0000024815
|b Book
|c Products
|e Business Information Centre
|